000 00665nam a2200205Ia 4500
001 16038
003 GE_BSU
008 181216s||||||||xx |||||||||||||| ||und||
040 _cGE_BSU
100 _aჯაფარიძე, რევაზ
245 _aახალი წახნაგები
245 _bპუბლიცისტიკური სტატიები
260 _aთბილისი
260 _bმერანი
260 _c1986
300 _a409გვ. ; 20სმ
653 _aახალი წახნაგები
653 _aპუბლიცისტიკური სტატიები
942 _cBK
999 _c49128
_d49128